000 00932nam a2200229Ia 4500
001 23303
003 GE_BSU
008 181216s||||||||xx |||||||||||||| ||und||
040 _cGE_BSU
080 _a008(11)(09)
100 _aკოსვენი, მარკი
245 _aპირველყოფილი კულტურის ისტორიის ნარკვევები
245 _cთარგმანი გ. ჩაჩაშვილისა ; რედ.: ვ. ბარდაველიძე
260 _aთბილისი
260 _bთბილ. უნ-ტის გამ-ბა
260 _c1971
300 _a261გვ. : ილ. ; 22სმ.
300 _eბიბლიოგრ.: გვ. 260-261.
541 _h3ლ. 12თ.
653 _aპირველყოფილი კულტურის ისტორიის ნარკვევები
942 _cBK
999 _c56202
_d56202